[Event "U.S. Amateur North"]
[Site "Detroit, MI"]
[Date "1998.??.??"]
[Round "?"]
[White "Reid, Ricky"]
[Black "Palmer, Tony"]
[Result "0-1"]
[WhiteElo "1605"]
[BlackElo "2025"]
[PlyCount "144"]
[EventDate "1998.05.??"]

{5/23} 1. d4 Nf6 2. Nf3 b6 3. Bf4 Bb7 4. e3 e6 5. Bd3 c5 6. c3 cxd4 7. exd4 Be7
8. O-O O-O 9. Nbd2 Nh5 10. Bg3 Nxg3 11. fxg3 d6 12. Qe2 Nd7 13. Rad1 a6 14. Bc2
b5 15. h4 d5 16. Rfe1 Qc7 17. Nf1 g6 18. Ne5 Nxe5 19. Qxe5 Qxe5 20. Rxe5 Rac8
21. h5 b4 22. hxg6 hxg6 23. Re3 a5 24. Ba4 bxc3 25. Rxc3 Rxc3 26. bxc3 Rc8 27.
Rc1 Bb4 28. Rb1 Rxc3 29. Kf2 Ba6 30. Ne3 Ra3 31. Bb3 Bd3 32. Rc1 Bd2 33. Rc8+
Kg7 34. Nc2 Bxc2 35. Rxc2 Bb4 36. Re2 Bd6 37. g4 a4 38. Bd1 Bg3+ 39. Kf1 Rc3
40. Rc2 Rd3 41. Ke2 Rxd4 42. Rc3 Bd6 43. a3 Rxg4 44. Kf2 Rd4 45. Be2 Rd2 46.
Kf3 Ra2 47. Bb5 Rxa3 48. Rxa3 Bxa3 49. Bxa4 f5 50. Bb3 g5 51. g4 f4 52. Ba2 Kf6
53. Bb3 Ke5 54. Bc2 Kd4 55. Bh7 e5 56. Bb1 e4+ 57. Kf2 Ke5 58. Ke2 d4 59. Kf2
d3 60. Ba2 Bc5+ 61. Ke1 Kd4 62. Bb3 e3 63. Bd1 Bb4+ 64. Kf1 e2+ 65. Bxe2 dxe2+
66. Kxe2 Ke4 67. Kf2 Kd3 68. Kf3 Bc5 69. Kg2 Ke2 70. Kh2 f3 71. Kg3 Bd6+ 72.
Kh3 f2 0-1

[Event "U.S. Amateur North"]
[Site "Detroit, MI"]
[Date "1998.??.??"]
[Round "?"]
[White "Reid, Ricky"]
[Black "Moore, Martin"]
[Result "0-1"]
[WhiteElo "1605"]
[BlackElo "1605"]
[PlyCount "84"]
[EventDate "1998.05.??"]

{5/24} 1. d4 d5 2. Nf3 Nc6 3. g3 Bg4 4. Bg2 e6 5. O-O h6 6. Re1 Nf6 7. Nbd2
Bxf3 8. Nxf3 Bd6 9. c3 Qe7 10. a4 Rd8 11. Qb3 b6 12. Qb5 Qd7 13. Ne5 Bxe5 14.
dxe5 Nxe5 15. Bf4 Nc6 16. c4 O-O 17. cxd5 exd5 18. Rac1 Nd4 19. Qxd7 Rxd7 20.
Rxc7 Rxc7 21. Bxc7 Ne6 22. Be5 Ne4 23. Rd1 Rd8 24. f4 f6 25. Bd4 Rc8 26. Bxe4
dxe4 27. Bc3 Rd8 28. Rxd8+ Nxd8 29. f5 h5 30. Kf2 Nf7 31. Ke3 Nd6 32. Kf4 a5
33. Bd4 Kf7 34. Bxb6 g5+ 35. fxg6+ Kxg6 36. Bxa5 f5 37. b4 Nc8 38. Bc7 Kf6 39.
b5 Na7 40. b6 Nc6 41. b7 Nb4 42. b8=Q Nd5# 0-1

[Event "Michigan Women's"]
[Site "Ann Arbor, MI"]
[Date "1998.??.??"]
[Round "?"]
[White "Raupp, Helene"]
[Black "Thompson, Shereece"]
[Result "1-0"]
[WhiteElo "1605"]
[BlackElo "1605"]
[PlyCount "65"]
[EventDate "1998.12.??"]

1. f4 d6 2. Nf3 Nc6 3. e4 Nf6 4. d3 e5 5. Be2 Be7 6. f5 Ng4 7. Nc3 Bf6 8. Nd5
Bh4+ 9. g3 Be7 10. Bd2 Nf6 11. Ne3 g6 12. c3 b6 13. Qb3 Ba6 14. Ng5 Rf8 15. Qa4
Bb7 16. Nd5 Nxd5 17. exd5 Qd7 18. dxc6 Bxc6 19. Qh4 Bxh1 20. O-O-O Bd5 21. c4
Bb7 22. Qxh7 Qxf5 23. Rf1 Qd7 24. Nxf7 Bg2 25. Rf2 Bc6 26. Bh6 d5 27. Qxg6 Bc5
28. Nxe5+ Qf7 29. Rxf7 O-O-O 30. Bxf8 Bxf8 31. Nxc6 Rd6 32. Rxf8+ Kd7 33. Qe8#
1-0

[Event "Michigan Women's"]
[Site "Ann Arbor, MI"]
[Date "1998.??.??"]
[Round "?"]
[White "Raupp, Helene"]
[Black "Sturdivant, Ashley"]
[Result "1-0"]
[WhiteElo "1605"]
[BlackElo "1605"]
[PlyCount "87"]
[EventDate "1998.12.??"]

1. f4 d5 2. e3 Nc6 3. Bb5 Bf5 4. Nf3 Nf6 5. b3 a6 6. Bxc6+ bxc6 7. d3 e6 8. Bb2
Bb4+ 9. Nbd2 O-O 10. O-O Bc5 11. Qe1 Rb8 12. Ne5 Rb6 13. h3 Bb4 14. g4 Bg6 15.
h4 h5 16. g5 Nd7 17. a3 Bc5 18. b4 Bd6 19. Ndf3 a5 20. c3 c5 21. Nxg6 fxg6 22.
bxc5 Bxc5 23. Rf2 e5 24. fxe5 Re8 25. d4 Ree6 26. dxc5 Nxc5 27. Rd1 Qd7 28. c4
Na4 29. Rxd5 Qc8 30. Rfd2 Re8 31. Ba1 Qg4+ 32. Kf2 Rf8 33. Qd1 Rbb8 34. R5d4
Qe6 35. Qxa4 Ra8 36. Qd7 Qxd7 37. Rxd7 Rac8 38. Ke2 Rb8 39. e6 Rb1 40. Bxg7 Re8
41. Bf6 Rxe6 42. Rd8+ Kf7 43. R2d7+ Re7 44. Rxe7# 1-0

[Event "U.S. Amateur North"]
[Site "Detroit, MI"]
[Date "1998.??.??"]
[Round "?"]
[White "Randel, D."]
[Black "Spindleman, Brian"]
[Result "1-0"]
[WhiteElo "1785"]
[BlackElo "1605"]
[PlyCount "27"]
[EventDate "1998.05.??"]

{5/24} 1. d4 f5 2. Bg5 h6 3. Bf4 Nf6 4. Nc3 e6 5. f3 Be7 6. e4 d5 7. exf5 exf5
8. Qd2 c6 9. Bd3 Qb6 10. O-O-O Qxd4 11. Nb5 Qb6 12. Nc7+ Kf8 13. Nxa8 Qd8 14.
Bxb8 1-0

[Event "U.S. Amateur North"]
[Site "Detroit, MI"]
[Date "1998.??.??"]
[Round "?"]
[White "Randel, D."]
[Black "Rogers, Bradley"]
[Result "0-1"]
[WhiteElo "1785"]
[BlackElo "2105"]
[PlyCount "98"]
[EventDate "1998.05.??"]

{5/23} 1. d4 Nf6 2. Bg5 d5 3. Bxf6 gxf6 4. c4 c6 5. e3 Rg8 6. Nc3 dxc4 7. Bxc4
Qb6 8. Qc2 Rg7 9. Nge2 Na6 10. Ng3 e6 11. a3 Be7 12. b4 f5 13. Rd1 Qc7 14. Nce2
Nb8 15. O-O a5 16. Qb3 b5 17. Bd3 axb4 18. axb4 Bd7 19. Rc1 Qb7 20. e4 fxe4 21.
Bxe4 Na6 22. Nf4 Nxb4 23. Nd3 Nxd3 24. Qxd3 Ra3 25. Qc2 Ra4 26. Bxc6 Bxc6 27.
Qxc6+ Qxc6 28. Rxc6 Rxd4 29. Rb6 b4 30. Rc1 Rg5 31. Ne2 Rd8 32. Kf1 Rgd5 33.
Ke1 Re5 34. Rb7 Red5 35. f4 h5 36. Rcc7 R5d7 37. Rxd7 Rxd7 38. Rb8+ Rd8 39.
Rxd8+ Kxd8 40. Kd2 Kc7 41. Kc2 Kb6 42. Kb3 Kc5 43. g3 Kd5 44. h3 Ke4 45. g4
hxg4 46. hxg4 Ke3 47. f5 Kxe2 48. fxe6 fxe6 49. g5 Bxg5 0-1

[Event "U.S. Amateur North"]
[Site "Detroit, MI"]
[Date "1998.??.??"]
[Round "?"]
[White "Randel, D."]
[Black "Henry, Robynne"]
[Result "1-0"]
[WhiteElo "1785"]
[BlackElo "1605"]
[PlyCount "61"]
[EventDate "1998.05.??"]

{5/23} 1. d4 d5 2. Bg5 g6 3. e3 Bg7 4. Nf3 Bg4 5. h3 Bd7 6. c4 c6 7. Nc3 dxc4
8. Bxc4 Nf6 9. Qb3 Qc8 10. Bxf7+ Kf8 11. Ne5 e6 12. Rc1 b6 13. O-O Ng8 14.
Nxd7+ Kxf7 15. Ne5+ Bxe5 16. dxe5 Nd7 17. Nb5 Nc5 18. Rxc5 Kg7 19. Nd6 Qd7 20.
Rc4 h6 21. Bh4 g5 22. Rg4 Ne7 23. Qd3 Rad8 24. Bxg5 Kf8 25. Bxe7+ Qxe7 26. Rf4+
Kg7 27. Qe4 Rhf8 28. Rg4+ Kh8 29. Qg6 Rd7 30. Qxh6+ Qh7 31. Qxf8+ 1-0

[Event "Michigan Invitational"]
[Site "Ann Arbor, MI"]
[Date "1998.??.??"]
[Round "?"]
[White "Rajlich, Vasik"]
[Black "Hahn, David"]
[Result "1-0"]
[WhiteElo "2290"]
[BlackElo "2220"]
[PlyCount "65"]
[EventDate "1998.??.??"]

{6/27} 1. e4 d6 2. d4 Nf6 3. f3 c5 4. d5 g6 5. c4 Bg7 6. Nc3 O-O 7. Bd3 e6 8.
Nge2 exd5 9. exd5 Nbd7 10. Ng3 a6 11. O-O b5 12. cxb5 Nb6 13. Be4 axb5 14. Bf4
Ba6 15. Re1 b4 16. Na4 Re8 17. Nxb6 Qxb6 18. Qd2 Nd7 19. Kh1 Ne5 20. Bh6 Bh8
21. Qf4 Qd8 22. Bg5 f6 23. Bh6 Ra7 24. h4 Bc8 25. Bc2 f5 26. Bg5 Bf6 27. Bxf6
Qxf6 28. Ne4 Qf8 29. Nxc5 Rc7 30. Ba4 Rxc5 31. Bxe8 Qxe8 32. Qxb4 Qd8 33. Rxe5
1-0

[Event "Michigan Amateur"]
[Site "Kalamazoo "]
[Date "1998.??.??"]
[Round "?"]
[White "Post, Robert"]
[Black "Miller, Doug"]
[Result "1-0"]
[WhiteElo "1665"]
[BlackElo "1605"]
[PlyCount "67"]
[EventDate "1998.07.??"]

{7/19} 1. d4 Nf6 2. Bg5 d5 3. Bxf6 exf6 4. e3 Be7 5. Bd3 O-O 6. Ne2 Bg4 7. O-O
Nc6 8. c3 Bd6 9. f3 Bh5 10. Ng3 Bxg3 11. hxg3 Ne7 12. Nd2 c6 13. Qe1 Re8 14.
Qf2 h6 15. e4 Bg6 16. g4 Qb6 17. b4 a5 18. bxa5 Qxa5 19. Rfc1 dxe4 20. fxe4 Qg5
21. Re1 Qxg4 22. Be2 Qg5 23. Bf3 Qa5 24. c4 Qc7 25. c5 b6 26. Nc4 bxc5 27. dxc5
Nc8 28. a4 Qd7 29. a5 Qd3 30. Nb6 Nxb6 31. cxb6 Qc3 32. a6 Bxe4 33. b7 Rab8 34.
a7 1-0

[Event "Kalamazoo Mini-Swiss.1"]
[Site "Kalamazoo, MI"]
[Date "1998.??.??"]
[Round "?"]
[White "Post, Robert"]
[Black "Griffin, John"]
[Result "1/2-1/2"]
[WhiteElo "1665"]
[BlackElo "1605"]
[PlyCount "54"]
[EventDate "1998.??.??"]

1. d4 Nf6 2. f3 d5 3. e4 dxe4 4. Nc3 exf3 5. Nxf3 g6 6. Bc4 Nbd7 7. O-O Bg7 8.
Qe1 O-O 9. Ne5 Nb6 10. Bxf7+ Rxf7 11. Nxf7 Kxf7 12. Be3 Kg8 13. h3 Nbd5 14. Bg5
Nxc3 15. bxc3 Bf5 16. g4 Bxc2 17. Qe6+ Kh8 18. Rae1 Qd6 19. Qxd6 cxd6 20. Rxe7
Rf8 21. Rxb7 Bd3 22. Rf2 a6 23. Bxf6 Bxf6 24. g5 Bg7 25. Rxf8+ Bxf8 26. Kf2 Bc4
27. a4 d5 1/2-1/2

[Event "Michigan Amateur"]
[Site "Kalamazoo "]
[Date "1998.??.??"]
[Round "?"]
[White "Post, Robert"]
[Black "Evans Sr., Thomas"]
[Result "1-0"]
[WhiteElo "1665"]
[BlackElo "1605"]
[PlyCount "65"]
[EventDate "1998.07.??"]

{7/18} 1. d4 e6 2. e4 d5 3. e5 c5 4. c3 a6 5. Nf3 Nc6 6. Be2 cxd4 7. cxd4 Bb4+
8. Nc3 Nge7 9. O-O O-O 10. a3 Ba5 11. b4 Bb6 12. Bb2 Nf5 13. Na4 Ba7 14. Rc1 f6
15. exf6 Qxf6 16. Nc5 Bb6 17. Re1 Bc7 18. g3 e5 19. dxe5 Nxe5 20. Qxd5+ Qf7 21.
Qxf7+ Nxf7 22. Bc4 N5d6 23. Bb3 Kh8 24. Nxa6 bxa6 25. Rxc7 Bb7 26. Nd4 Ng5 27.
f4 Nh3+ 28. Kf1 Ne4 29. Nf3 Nf6 30. Rxb7 h5 31. Ree7 Rad8 32. Rxg7 Nxf4 33.
Rh7# 1-0

[Event "Kalamazoo Mini-Swiss.1"]
[Site "Kalamazoo, MI"]
[Date "1998.??.??"]
[Round "?"]
[White "Post, Robert"]
[Black "Draper, M."]
[Result "0-1"]
[WhiteElo "1665"]
[BlackElo "1605"]
[PlyCount "100"]
[EventDate "1998.??.??"]

1. d4 Nf6 2. Bg5 g6 3. Bxf6 exf6 4. e3 b6 5. Qf3 d5 6. Bb5+ c6 7. Bd3 f5 8. Nh3
Bg7 9. Nc3 O-O 10. O-O Nd7 11. Nf4 Nf6 12. Rad1 Ne4 13. Nce2 a5 14. Ng3 Ng5 15.
Qe2 b5 16. h4 Ne6 17. Nxe6 Bxe6 18. h5 Qh4 19. hxg6 fxg6 20. Qf3 f4 21. exf4
Bg4 22. Qe3 Rae8 23. Qd2 Bxd1 24. Rxd1 Qxf4 25. Qxf4 Rxf4 26. c3 Kf7 27. Ne2
Rf6 28. g3 Rfe6 29. Kf1 Rf6 30. Kg2 Rf8 31. Rf1 Kg8 32. f4 Re6 33. Ng1 Re3 34.
Bb1 Rfe8 35. f5 Re1 36. Rxe1 Rxe1 37. Bd3 Kf7 38. fxg6+ hxg6 39. Nf3 Ra1 40. a3
Ra2 41. Nh4 Rxb2+ 42. Kf3 Rb3 43. Bxg6+ Kf6 44. Bh7 Rxc3+ 45. Kg4 Rxa3 46. Nf5
b4 47. Kf4 b3 48. Ne3 b2 49. Nd1 Bh6+ 50. Kg4 Bc1 0-1

[Event "Michigan Amateur"]
[Site "Kalamazoo "]
[Date "1998.??.??"]
[Round "?"]
[White "Post, Robert"]
[Black "Draper, M."]
[Result "1-0"]
[WhiteElo "1665"]
[BlackElo "1605"]
[PlyCount "93"]
[EventDate "1998.07.??"]

{7/18} 1. d4 Nf6 2. Bg5 e6 3. e4 h6 4. Bxf6 Qxf6 5. Nf3 d5 6. e5 Qe7 7. c3 c5
8. Be2 cxd4 9. cxd4 Qb4+ 10. Qd2 Nc6 11. Nc3 Be7 12. a3 Qa5 13. O-O O-O 14. b4
Qb6 15. Na4 Qc7 16. b5 Na5 17. Rfc1 Nc4 18. Bxc4 dxc4 19. Nb2 Qb6 20. Nxc4 Qxb5
21. Nd6 Qd5 22. Rc5 Qb3 23. Rc7 Bxd6 24. exd6 Rd8 25. Qf4 Rd7 26. Rxd7 Bxd7 27.
Ne5 Be8 28. d7 f6 29. dxe8=Q+ Rxe8 30. Nf3 Qb2 31. Qc1 Qxc1+ 32. Rxc1 Re7 33.
Kf1 Kf7 34. Nd2 e5 35. dxe5 Rxe5 36. Nc4 Rd5 37. Ne3 Rd7 38. Ke2 Ke6 39. f4 g6
40. g4 b6 41. h4 a5 42. f5+ Kf7 43. Rc6 Rb7 44. Nd5 b5 45. Rxf6+ Kg7 46. Rxg6+
Kh7 47. Nf6+ 1-0

[Event "Michigan Senior"]
[Site "Ann Arbor, MI"]
[Date "1998.??.??"]
[Round "?"]
[White "Poschel, Paul"]
[Black "Santiago, Reynaldo"]
[Result "0-1"]
[WhiteElo "2255"]
[BlackElo "2000"]
[PlyCount "132"]
[EventDate "1998.06.??"]

{6/14} 1. c4 g6 2. d4 Bg7 3. e4 c6 4. Nc3 d6 5. Be3 Qc7 6. h3 h5 7. f4 e6 8.
Nf3 a6 9. Rc1 Ne7 10. Be2 Bd7 11. O-O Qa5 12. a3 b5 13. c5 d5 14. e5 Nf5 15.
Bf2 Qd8 16. g4 hxg4 17. hxg4 Ne7 18. Kg2 a5 19. Rh1 Rg8 20. Bh4 Bc8 21. Ng5 Ba6
22. Nh7 Nd7 23. Qc2 Qc7 24. Bd3 Nf8 25. Nf6+ Bxf6 26. Bxf6 a4 27. Rh3 O-O-O 28.
Nxa4 bxa4 29. Bxa6+ Kd7 30. Qxa4 Ra8 31. b4 g5 32. Bxg5 Nfg6 33. Kf3 Rgb8 34.
b5 Rxb5 35. Bxb5 Rxa4 36. Bxa4 Qa5 37. Ke2 Qxa4 38. Rd3 Nc8 39. Rcc3 Na7 40. f5
exf5 41. gxf5 Nxe5 42. dxe5 Qg4+ 43. Rf3 Nb5 44. e6+ Ke8 45. exf7+ Kxf7 46. Bd2
Nxc3+ 47. Bxc3 Qc4+ 48. Rd3 Qxc5 49. f6 Qc4 50. Ke3 c5 51. Kd2 d4 52. Bb2 Kxf6
53. Rf3+ Ke5 54. Rd3 Kf4 55. Rh3 Kg4 56. Rd3 Qd5 57. Kc2 Qe4 58. Kd2 Qg2+ 59.
Kc1 Qf1+ 60. Kc2 Qe2+ 61. Rd2 Qc4+ 62. Kb1 Kf3 63. Rc2 Qd3 64. Bc1 c4 65. Bd2
c3 66. Bxc3 dxc3 0-1

[Event "Michigan Senior"]
[Site "Ann Arbor, MI"]
[Date "1998.??.??"]
[Round "?"]
[White "Poschel, Paul"]
[Black "Carr, Jay"]
[Result "1-0"]
[WhiteElo "2255"]
[BlackElo "1605"]
[PlyCount "67"]
[EventDate "1998.06.??"]

{6/13} 1. c4 Nf6 2. Nc3 c6 3. Nf3 d5 4. e3 Bf5 5. cxd5 Nxd5 6. d3 h6 7. e4 Nxc3
8. bxc3 Bg4 9. Be2 Nd7 10. Be3 e5 11. O-O Bd6 12. Rb1 Qc7 13. h3 Bh5 14. Nh4
Bxe2 15. Qxe2 b6 16. Nf5 Bf8 17. Qd2 O-O-O 18. Qc2 g6 19. Ng3 Kb7 20. a4 Ka8
21. d4 Bd6 22. Ne2 f6 23. Ra1 h5 24. Rfb1 Rb8 25. Qa2 Rhf8 26. f3 exd4 27. cxd4
c5 28. Qd5+ Rb7 29. a5 Bh2+ 30. Kh1 Qd6 31. Qxd6 Bxd6 32. axb6 Rxb6 33. Rxb6
Nxb6 34. dxc5 1-0

[Event "Michigan Amateur"]
[Site "Kalamazoo "]
[Date "1998.??.??"]
[Round "?"]
[White "Poniatowski, Don"]
[Black "Smith, Les L"]
[Result "0-1"]
[WhiteElo "1605"]
[BlackElo "1905"]
[PlyCount "94"]
[EventDate "1998.07.??"]

{7/18} 1. e4 c5 2. c3 Nc6 3. d4 cxd4 4. cxd4 e6 5. Nf3 Nf6 6. Nc3 Bb4 7. Bd3 h6
8. a3 Ba5 9. O-O d6 10. Re1 Bb6 11. Be3 Ng4 12. h3 Nxe3 13. fxe3 O-O 14. Rc1 a6
15. Ne2 e5 16. Kh1 Qf6 17. Rf1 Qg6 18. Nh4 Qg5 19. Nf5 Bxf5 20. Rxf5 Qxe3 21.
Rf3 Qg5 22. Bc4 Nxd4 23. Nxd4 Bxd4 24. Rxf7 Rxf7 25. Bxf7+ Kxf7 26. Qb3+ Kg6
27. Qe6+ Qf6 28. Qg4+ Kh7 29. Qf5+ Qxf5 30. exf5 Rf8 31. g4 Bxb2 32. Rb1 Bxa3
33. Rxb7 Bc5 34. Kg2 a5 35. h4 a4 36. Rb5 h5 37. Kg3 hxg4 38. Kxg4 a3 39. h5 e4
40. Kg5 Bd4 41. Ra5 Bb2 42. Ra7 Bc1+ 43. Kg4 e3 44. Rc7 Bb2 45. Kg5 e2 46. h6
Bf6+ 47. Kh5 e1=Q 0-1

[Event "Michigan Amateur"]
[Site "Kalamazoo "]
[Date "1998.??.??"]
[Round "?"]
[White "Poniatowski, Don"]
[Black "Rivers, R."]
[Result "1-0"]
[WhiteElo "1605"]
[BlackElo "1605"]
[PlyCount "89"]
[EventDate "1998.07.??"]

{7/18} 1. e4 e5 2. Nf3 Nc6 3. Bc4 Nf6 4. Ng5 d5 5. exd5 Na5 6. Bb5+ c6 7. dxc6
bxc6 8. Be2 h6 9. Nf3 e4 10. Ng1 Bc5 11. d3 exd3 12. cxd3 O-O 13. Nf3 Re8 14.
d4 Bb6 15. O-O c5 16. Be3 Nc6 17. dxc5 Bc7 18. Qxd8 Rxd8 19. Nc3 Bg4 20. h3 Be6
21. a3 Na5 22. b4 Nb7 23. Rfd1 Nd5 24. Nxd5 Bxd5 25. Rd2 Bc6 26. Rxd8+ Rxd8 27.
Rd1 a5 28. Rxd8+ Bxd8 29. b5 Be8 30. a4 f5 31. c6 Nc5 32. Bxc5 g5 33. Nd4 Kg7
34. Ne6+ Kg6 35. Nxd8 h5 36. c7 Bd7 37. b6 Bc8 38. b7 Bxb7 39. Nxb7 g4 40. c8=Q
gxh3 41. Qe6+ Kg7 42. Bxh5 h2+ 43. Kxh2 Kh7 44. Qg6+ Kh8 45. Bd4# 1-0

[Event "Michigan Class D/E"]
[Site "Grand Rapids, MI"]
[Date "1998.??.??"]
[Round "?"]
[White "Poniatowski, Don"]
[Black "Miller, Doug"]
[Result "0-1"]
[WhiteElo "1605"]
[BlackElo "1605"]
[PlyCount "120"]
[EventDate "1998.01.??"]

1. e4 c5 2. c3 Nc6 3. d4 e6 4. Nf3 Nf6 5. Bd3 c4 6. Bc2 d6 7. O-O Be7 8. h3 O-O
9. Be3 a6 10. Nbd2 b5 11. b3 Na5 12. bxc4 Nxc4 13. Nxc4 bxc4 14. Re1 Bb7 15.
Bg5 Nd5 16. exd5 Bxg5 17. Nxg5 Qxg5 18. Re3 Bxd5 19. Rg3 Qh6 20. Qg4 f5 21. Qg5
Qxg5 22. Rxg5 Rf6 23. f4 Rb8 24. Rc1 Rb2 25. a3 Ra2 26. a4 Rf8 27. Rg3 Rb8 28.
Kh2 Rbb2 29. Rb1 Rxb1 30. Bxb1 Rb2 31. Bxf5 exf5 32. h4 Ra2 33. h5 Rxa4 34. Rg5
Be4 35. g4 fxg4 36. f5 Ra5 37. Rxg4 Bxf5 38. Rf4 Rb5 39. Kg3 a5 40. Kh4 g6 41.
hxg6 hxg6 42. Rf1 a4 43. Ra1 Bd7 44. Kg3 Rb3 45. Rc1 a3 46. Kf4 a2 47. Ra1 Bf5
48. Rxa2 Rxc3 49. Ra6 d5 50. Rd6 Be4 51. Kg5 Rd3 52. Kf6 Rf3+ 53. Kg5 c3 54.
Ra6 c2 55. Ra8+ Rf8 56. Ra1 Rb8 57. Kf6 Rb6+ 58. Kg5 Rb1 59. Ra8+ Kf7 60. Ra7+
Ke8 0-1

[Event "Michigan Open Reserve"]
[Site "Flint, MI"]
[Date "1998.??.??"]
[Round "?"]
[White "Poniatowski, Don"]
[Black "Lynem, Charles"]
[Result "0-1"]
[WhiteElo "1605"]
[BlackElo "1605"]
[PlyCount "83"]
[EventDate "1998.09.??"]

1. e4 c6 2. d4 d5 3. exd5 cxd5 4. c4 Nf6 5. Nc3 e6 6. Nf3 Bb4 7. cxd5 Nxd5 8.
Bd2 Nc6 9. Bd3 Qb6 10. a3 Bxc3 11. Bxc3 O-O 12. O-O Re8 13. Qe2 Bd7 14. Ng5 h6
15. Nf3 Rac8 16. Qe4 Nf6 17. Qe2 Qc7 18. Rfe1 a6 19. Rab1 b5 20. h3 Ne7 21. Ne5
Ned5 22. Rec1 Qd6 23. Ra1 Rc7 24. Be4 Nxe4 25. Qxe4 Rec8 26. Qg4 Nf6 27. Qe2
Bc6 28. Nxc6 Rxc6 29. Qe5 Qxe5 30. dxe5 Ne4 31. Rc2 Nxc3 32. bxc3 Rxc3 33. Re2
Rc1+ 34. Rxc1 Rxc1+ 35. Kh2 Rc3 36. Ra2 g5 37. g3 Kg7 38. f4 gxf4 39. gxf4 Kg6
40. Rg2+ Kf5 41. Rg3 Rxg3 42. Kxg3 0-1

[Event "Michigan Class D/E"]
[Site "Grand Rapids, MI"]
[Date "1998.??.??"]
[Round "?"]
[White "Poniatowski, Don"]
[Black "Crysler, Jerry"]
[Result "0-1"]
[WhiteElo "1605"]
[BlackElo "1605"]
[PlyCount "54"]
[EventDate "1998.01.??"]

1. e4 c5 2. c3 e6 3. d4 b6 4. Nf3 Ne7 5. Be3 Ng6 6. Bd3 Be7 7. Nbd2 O-O 8. O-O
Bb7 9. Re1 f6 10. b3 d6 11. Qc2 Nd7 12. Bc4 d5 13. exd5 Bxd5 14. Bd3 f5 15. c4
Bc6 16. Nf1 Bxf3 17. gxf3 Nh4 18. Qe2 Rf6 19. Kh1 f4 20. Bxf4 Rxf4 21. Qxe6+
Rf7 22. Qe4 g6 23. Nd2 cxd4 24. b4 Bxb4 25. Re2 Bxd2 26. Rxd2 Nxf3 27. Re2 Qb8
0-1

[Event "Michigan Class D/E"]
[Site "Grand Rapids, MI"]
[Date "1998.??.??"]
[Round "?"]
[White "Poniatowski, Don"]
[Black "Councell, Keith"]
[Result "1-0"]
[WhiteElo "1605"]
[BlackElo "1605"]
[PlyCount "107"]
[EventDate "1998.01.??"]

1. e4 c6 2. d4 d5 3. exd5 cxd5 4. c4 Nf6 5. Nc3 e6 6. Nf3 Bb4 7. cxd5 Nxd5 8.
Bd2 O-O 9. Bd3 Be7 10. O-O Nc6 11. a3 Bd7 12. Qe2 Re8 13. Rac1 Bf6 14. Qe4 Bc8
15. Qxh7+ Kf8 16. Qe4 Nc7 17. Be3 e5 18. d5 Ne7 19. Qh7 Ncxd5 20. Bc5 g6 21.
Rfd1 b6 22. Nxd5 Qxd5 23. Bxg6 Qb3 24. Rd3 Qe6 25. Rd6 bxc5 26. Rxe6 Bxe6 27.
Be4 Rad8 28. Qh6+ Bg7 29. Qe3 f5 30. Bc2 c4 31. Ba4 Bd7 32. Bxd7 Rxd7 33. h3 e4
34. Ng5 Bxb2 35. Rb1 Bf6 36. h4 Nc6 37. Qc5+ Ne7 38. Qxc4 Ng6 39. Qb4+ Kg7 40.
g3 e3 41. fxe3 Rxe3 42. Kg2 Rd2+ 43. Qxd2 Rxa3 44. Rb7+ Kf8 45. Qd6+ Be7 46.
Rb8+ Kg7 47. Qd4+ Bf6 48. Rb7+ Ne7 49. Rxe7+ Kg6 50. Re6 f4 51. Qxf6+ Kh5 52.
Qxf4 Ra2+ 53. Kh3 Ra3 54. Qg4# 1-0

[Event "Michigan Open Reserve"]
[Site "Flint, MI"]
[Date "1998.??.??"]
[Round "?"]
[White "Poniatowski, Don"]
[Black "Aldrich, Justin"]
[Result "0-1"]
[WhiteElo "1605"]
[BlackElo "1605"]
[PlyCount "132"]
[EventDate "1998.09.??"]

1. e4 e5 2. Nf3 d6 3. d4 exd4 4. Nxd4 Nf6 5. Nc3 Bd7 6. Bd3 Be7 7. h3 Nc6 8.
Nf3 O-O 9. O-O Ne5 10. Nd5 Nxd5 11. exd5 Nxd3 12. Qxd3 h6 13. Bd2 Re8 14. Rad1
a6 15. c4 b5 16. b3 Rb8 17. Bc3 Bf6 18. Rfe1 Bxc3 19. Qxc3 b4 20. Rxe8+ Qxe8
21. Qd2 Qe4 22. Re1 Qg6 23. Kh2 Qf6 24. Kg1 a5 25. Qd4 Qxd4 26. Nxd4 Re8 27.
Kf1 Kf8 28. Rxe8+ Kxe8 29. Ke2 Ke7 30. Ke3 f5 31. f4 g5 32. g3 Kf6 33. Ne2 c6
34. Nd4 c5 35. Ne2 Be8 36. Ng1 Bh5 37. Nf3 g4 38. hxg4 Bxg4 39. Nh2 Bd1 40. Kd2
Bh5 41. Ke3 Be8 42. Nf3 a4 43. Ne1 axb3 44. axb3 Bh5 45. Nd3 Bd1 46. Nc1 Kg6
47. Kd2 Bg4 48. Ne2 Bf3 49. Ke3 Be4 50. Kf2 Kh5 51. Ke3 Kg4 52. Kf2 h5 53. Nc1
Bc2 54. Kg2 Bd1 55. Nd3 Bf3+ 56. Kf2 Be4 57. Ne5+ dxe5 58. fxe5 f4 59. gxf4
Kxf4 60. e6 Bf5 61. Kg2 h4 62. e7 Bd7 63. d6 Kg4 64. Kh2 h3 65. Kh1 Kg3 66. Kg1
h2+ 0-1

[Event "Michigan Open Reserve"]
[Site "Flint, MI"]
[Date "1998.??.??"]
[Round "?"]
[White "Pointer, Gilbert"]
[Black "Jointer, William"]
[Result "1-0"]
[WhiteElo "1650"]
[BlackElo "1605"]
[PlyCount "155"]
[EventDate "1998.09.??"]

1. c4 e5 2. Nc3 Nf6 3. Nf3 Nc6 4. g3 a6 5. Bg2 Bc5 6. O-O O-O 7. d3 h6 8. a3 d6
9. b4 Ba7 10. b5 Nd4 11. bxa6 Rb8 12. axb7 Bxb7 13. Nb5 Nxb5 14. cxb5 Bxf3 15.
Bxf3 Rxb5 16. Qa4 Qb8 17. Bd2 Bd4 18. Rac1 Bb6 19. Rc6 Rc5 20. Kg2 d5 21. Rxc5
Bxc5 22. e4 Qb7 23. Bb4 Bxb4 24. Qxb4 Qxb4 25. axb4 d4 26. Rc1 Rb8 27. Rxc7
Rxb4 28. Rc5 Nd7 29. Rc8+ Nf8 30. Rc5 f6 31. Rc8 g6 32. Bg4 Rb6 33. h4 h5 34.
Bd7 Kg7 35. Ba4 Rb7 36. Bc6 Ra7 37. Bd5 Rd7 38. Kf3 Ra7 39. g4 hxg4+ 40. Kxg4
Rd7 41. h5 gxh5+ 42. Kxh5 Re7 43. Kg4 Ra7 44. Kf5 Nh7 45. Rg8+ Kh6 46. Rh8 Rg7
47. Bg8 Rg5+ 48. Ke6 Kg7 49. Rxh7+ Kxg8 50. Rf7 Rg1 51. Rxf6 Rd1 52. Rf3 Ra1
53. Kxe5 Ra4 54. Rf6 Kg7 55. Rd6 Ra2 56. f4 Kf7 57. Rxd4 Ke7 58. f5 Ra5+ 59.
Rd5 Ra6 60. d4 Rh6 61. Rc5 Kd7 62. d5 Rh4 63. Rc6 Rg4 64. Rh6 Rg7 65. Kf6 Rg8
66. e5 Rf8+ 67. Kg5 Rg8+ 68. Kf4 Ke7 69. Rh7+ Kd8 70. e6 Ke8 71. f6 Rf8 72. Ke5
Rf7 73. Rh8+ Rf8 74. Rxf8+ Kxf8 75. f7 Ke7 76. d6+ Kf8 77. d7 Ke7 78. f8=Q+ 1-0

[Event "Michigan Open Reserve"]
[Site "Flint, MI"]
[Date "1998.??.??"]
[Round "?"]
[White "Plummer, L."]
[Black "Wiener, Jack"]
[Result "0-1"]
[WhiteElo "1605"]
[BlackElo "1605"]
[PlyCount "88"]
[EventDate "1998.09.??"]

1. e4 c5 2. Nf3 e6 3. d4 cxd4 4. Nxd4 Nc6 5. Bb5 Bc5 6. Bxc6 bxc6 7. Be3 Qe7 8.
Nc3 Bb7 9. Qd2 h6 10. O-O Nf6 11. e5 Ng4 12. f4 Nxe3 13. Qxe3 O-O 14. Rad1 Bb6
15. a3 c5 16. Ndb5 Ba6 17. Qd3 c4+ 18. Qd4 Bxd4+ 19. Rxd4 Bxb5 20. Nxb5 Qc5 21.
a4 a6 22. Rfd1 axb5 23. axb5 Ra1 24. Kf1 Rxd1+ 25. Rxd1 Qxb5 26. c3 f6 27. exf6
Rxf6 28. g3 Qxb2 29. Rxd7 Qxc3 30. Kg2 Qb2+ 31. Kf3 Kh7 32. Rc7 Qxh2 33. Rxc4
Qh5+ 34. Kf2 Qd5 35. Rc8 Qd2+ 36. Kf3 e5 37. Ke4 exf4 38. gxf4 Qxf4+ 39. Kd3
Rd6+ 40. Kc3 Qc1+ 41. Kb4 Qxc8 42. Kb5 Rd8 43. Ka4 Qb7 44. Ka3 Ra8# 0-1

[Event "Michigan Open Reserve"]
[Site "Flint, MI"]
[Date "1998.??.??"]
[Round "?"]
[White "Plummer, L."]
[Black "Roth, Bruce"]
[Result "0-1"]
[WhiteElo "1605"]
[BlackElo "1605"]
[PlyCount "104"]
[EventDate "1998.09.??"]

1. e4 c6 2. d4 d5 3. exd5 cxd5 4. Nc3 Bf5 5. Bb5+ Nc6 6. Nf3 e6 7. Ne5 Rc8 8.
Qh5 g6 9. Qg5 Be7 10. Qd2 Nf6 11. Bxc6+ bxc6 12. Qe2 Bf8 13. g4 Nxg4 14. Nxg4
Qh4 15. h3 h5 16. Ne3 Qxd4 17. Nxf5 gxf5 18. Be3 Qb4 19. Bxa7 Qxb2 20. Kd2 Qb7
21. Bd4 Rh7 22. Rab1 Qd7 23. Rb6 Bd6 24. Rhb1 Ke7 25. Rb7 Rc7 26. Rxc7 Bxc7 27.
Be5 f6 28. Rb7 fxe5 29. Qxe5 Bxe5 30. Rxd7+ Kxd7 31. Ne2 d4 32. f4 Bf6 33. Kd3
c5 34. a4 Kc6 35. c3 dxc3 36. Nxc3 Bxc3 37. Kxc3 Ra7 38. Kb3 c4+ 39. Kxc4 Rxa4+
40. Kd3 Rxf4 41. Ke3 Ra4 42. Kf3 e5 43. Kg3 e4 44. Kf4 Kd5 45. Kxf5 e3 46. Kg5
e2 47. Kxh5 e1=Q 48. Kg5 Qe5+ 49. Kg6 Ra6+ 50. Kf7 Qf6+ 51. Ke8 Ra7 52. h4 Qe7#
0-1